Handbook of global logistics transportation in international supply chains /

Bibliographic Details
Corporate Author: ProQuest (Firm)
Other Authors: Bookbinder, James H.
Format: Electronic eBook
Language:English
Published: New York : Springer, 2013.
Series:International series in operations research & management science ; 181.
Subjects:
Online Access:Click to View
LEADER 01850nam a2200385 a 4500
001 EBC1030704
003 MiAaPQ
005 20200520144314.0
006 m o d |
007 cr cn|||||||||
008 121026s2013 nyuab sb 001 0 eng d
010 |z  2012943370 
020 |z 9781441961310 
020 |z 9781441961327 (e-book) 
035 |a (MiAaPQ)EBC1030704 
035 |a (Au-PeEL)EBL1030704 
035 |a (CaPaEBR)ebr10612670 
035 |a (CaONFJC)MIL400940 
035 |a (OCoLC)813390483 
040 |a MiAaPQ  |c MiAaPQ  |d MiAaPQ 
050 4 |a HD38.5  |b .H36 2013 
245 0 0 |a Handbook of global logistics  |h [electronic resource] :  |b transportation in international supply chains /  |c James H. Bookbinder, editor. 
260 |a New York :  |b Springer,  |c 2013. 
300 |a xv, 551 p. :  |b ill. (some col.), col. maps. 
490 1 |a International series in operations research & management science,  |x 0884-8289 ;  |v v. 181 
504 |a Includes bibliographical references and index. 
505 0 |a pt. I. Logistics and supply chains in Asia -- pt. II. Logistics and supply chains in Latin America -- pt. III. Logistics and supply chains in Europe -- pt. IV. Logistics and supply chains in the developing world -- pt. V. Transportation modes and their (land) interfaces -- pt. VI. Innovative features and recent global developments. 
533 |a Electronic reproduction. Ann Arbor, MI : ProQuest, 2015. Available via World Wide Web. Access may be limited to ProQuest affiliated libraries. 
650 0 |a Business logistics. 
650 0 |a Transportation. 
655 4 |a Electronic books. 
700 1 |a Bookbinder, James H. 
710 2 |a ProQuest (Firm) 
830 0 |a International series in operations research & management science ;  |v 181. 
856 4 0 |u https://ebookcentral.proquest.com/lib/matrademy/detail.action?docID=1030704  |z Click to View